000 00323nab a22001097u 4500
008 130520b1988 xxu||||| |||| 00| 0 spa d
041 _aspa
100 1 _aSassure, Th. de
_967434
245 0 0 _aEl proceso de autoidentificación
_cTh. de Sassure
773 0 _tConcilium
_gV.1,1988,págs.163-180
_x0210-1041
_wRev134
942 _cAR
999 _c355386
_d355386